| 000 | 00399nam a2200157Ia 4500 | ||
|---|---|---|---|
| 008 | 151213s9999 xx 000 0 und d | ||
| 100 | _aDouglas A. | ||
| 245 |
_aStatistics Technique in Business Economics _cDouglas A. |
||
| 250 | _a12th | ||
| 260 |
_aNew York _bPrentic Hall _c2005 |
||
| 300 | _a4201 p. | ||
| 650 | _aStatistics | ||
| 650 | _aStatistics | ||
| 700 | _aDouglas A. | ||
| 999 |
_c2625 _d2625 |
||